| 000 | 00420nam a2200181Ia 4500 | ||
|---|---|---|---|
| 001 | 19123 | ||
| 005 | 20260306171721.0 | ||
| 008 | 260306s9999||||xx |||||||||||||| ||und|| | ||
| 041 | _aESP | ||
| 082 |
_a658.8 _bL54 |
||
| 100 |
_aLevitt, Theodore _eAUT |
||
| 245 | 0 | _aComercialización creativa | |
| 260 | _c1994 | ||
| 300 |
_a191 páginas : _c23 cm. |
||
| 650 | _aGEN | ||
| 654 | _aCAN | ||
| 942 |
_cLIB _dJUS _fJUS _2ddc _n |
||
| 999 |
_c19123 _d19123 |
||